|
|
|
|
| LEADER |
00000nab a2200000 ar4500 |
| 001 |
vtls009089205 |
| 003 |
SK-MaSNL |
| 005 |
20260303063633.0 |
| 008 |
070827c1976 xo |r|p|||||||000 b|slo |
| 015 |
|
|
|a SNBRB2007/08
|2 snkbucl
|
| 038 |
|
|
|a SNKBUCL
|
| 040 |
|
|
|a SNKBUCL
|b slo
|c SNKBUCL
|e AACR2
|
| 041 |
|
|
|a slo
|
| 044 |
|
|
|a xo
|c SK
|
| 080 |
|
|
|a 7.097:008
|2 1997
|
| 080 |
|
|
|a 008
|2 1997
|
| 100 |
0 |
|
|a -jl-
|4 aut
|9 873654
|
| 245 |
1 |
0 |
|a Ľudová kultúra v televízii
|c [autor] -jl-
|
| 650 |
0 |
7 |
|a televízia
|2 snkbucl
|9 16407
|
| 650 |
0 |
7 |
|a ľudová kultúra
|2 snkbucl
|9 66058
|
| 773 |
0 |
|
|t Osvetová práca
|g Roč. 26, č. 12 (1976), s. 15
|
| 852 |
|
|
|a SNK
|b KIS3GCP
|
| 999 |
|
|
|c 1743813
|d 1745743
|